Your community and its young people, (Record no. 36525)

MARC details
000 -LEADER
fixed length control field 00850cam a22002291 4500
001 - CONTROL NUMBER
control field l 46000045
003 - CONTROL NUMBER IDENTIFIER
control field DLC
005 - DATE AND TIME OF LATEST TRANSACTION
control field 20260227111539.0
008 - FIXED-LENGTH DATA ELEMENTS--GENERAL INFORMATION
fixed length control field 820626s1946 xx a 000 0 eng
010 ## - LIBRARY OF CONGRESS CONTROL NUMBER
LC control number l 46000045
035 ## - SYSTEM CONTROL NUMBER
System control number (OCoLC)14739316
040 ## - CATALOGING SOURCE
Original cataloging agency DLC
Transcribing agency DNLM
Modifying agency OCoLC
-- DLC
042 ## - AUTHENTICATION CODE
Authentication code premarc
050 00 - LIBRARY OF CONGRESS CALL NUMBER
Classification number HQ796
Item number .A239 1946
060 0# - NATIONAL LIBRARY OF MEDICINE CALL NUMBER
Classification number W1
Item number UN6181 no.316 1946
110 2# - MAIN ENTRY--CORPORATE NAME
Corporate name or jurisdiction name as entry element United States.
Subordinate unit Interagency committee on youth employment and education.
245 10 - TITLE STATEMENT
Title Your community and its young people,
Remainder of title their employment and educational opportunities.
Statement of responsibility, etc. Prepared by the Interagency committee on youth employment and education ...
260 ## - PUBLICATION, DISTRIBUTION, ETC.
Place of publication, distribution, etc. Washington,
Name of publisher, distributor, etc. U.S. Govt. print. off.,
Date of publication, distribution, etc. 1946.
300 ## - PHYSICAL DESCRIPTION
Extent 31, [1] p.
Other physical details ill.
410 10 - SERIES STATEMENT/ADDED ENTRY--CORPORATE NAME [OBSOLETE, CAN/MARC], [LOCAL, USA]
Corporate name or jurisdiction name as entry element United States.
Subordinate unit Children's Bureau.
Title of a work Publication
Volume number/sequential designation no. 316
504 ## - BIBLIOGRAPHY, ETC. NOTE
Bibliography, etc. note "What to read": p. 30-31.

No items available.

Powered by Koha